书目信息 |
| 题名: |
中国化学史论文集
|
|
| 作者: | 袁翰青 著 | |
| 分册: | ||
| 出版信息: | 北京 三联书店 1956 |
|
| 页数: | 301页 | |
| 开本: | 20cm | |
| 丛书名: | ||
| 单 册: | ||
| 中图分类: | O6-12 | |
| 科图分类: | ||
| 主题词: | 化学--现状 | |
| 电子资源: | ||
| ISBN: | ||
| 000 | 00526nam0 2200193 450 | |
| 001 | 0656974999 | |
| 005 | 20060719155115.45 | |
| 010 | @dCNY1.10 | |
| 100 | @a20060719d1956 km y0chiy0120 ea | |
| 101 | 0 | @achi |
| 102 | @aCN@b110000 | |
| 200 | 1 | @a中国化学史论文集@Azhong guo hua xue shi lun wen ji@f袁翰青著@Fyuan han qing zhu |
| 210 | @a北京@c三联书店@d1956 | |
| 215 | @a301页@d20cm | |
| 606 | 0 | @a化学@x现状 |
| 690 | @aO6-12@v3 | |
| 701 | 0 | @a袁翰青@Ayuan han qing@4著 |
| 801 | 0 | @aCN@bPFT@c20060719 |
| 905 | @a10447@dO6-12@e310 | |
| 中国化学史论文集/袁翰青著.-北京:三联书店,1956 |
| 301页;20cm |
| ISBN :CNY1.10 |
| ● |
| 相关链接 |
|
|
|
|
正题名:中国化学史论文集
索取号:O6-12/310
 
预约/预借
| 序号 | 登录号 | 条形码 | 馆藏地/架位号 | 状态 | 备注 |
| 1 | 0432041 | 204320412 | 密集书库/ [索取号:O6-12/310] | 在馆 |